000 00502nam a2200193Ia 4500
005 20250508160740.0
008 008 250505s9999 xx 000 0 eng d
037 _aTextual
040 _aFEDL
_beng
_cFEDL
041 _aeng
_2eng
084 _a370.954, PAR
_qFEDL
100 _aParajoti Violet
_9769282
245 0 _aEast and West in Indian education
260 _c1969
300 _av,262p.
650 _aEducation
942 _cTEXL
_h370.954, PAR
999 _c1366396
_d1366396